30 cidades mais populosas da Alemanha - Statistics

Estatísticas Gerais
  • Esse quiz foi jogado 127 vezes
  • A pontuação média é 14 de 30
Estatísticas das Respostas
# População Letra Cidade % Correto
1 3.677.472 B Berlim
100%
3 1.487.708 M Munique
100%
2 1.906.411 H Hamburgo
98%
5 759.224 F Frankfurt
97%
4 1.073.096 C Colônia
90%
9 586.852 D Dortmund
79%
12 555.351 D Dresden
67%
14 510.632 N Nuremberg
65%
11 563.290 B Bremen
62%
8 601.866 L Leipzig
62%
6 626.275 S Stuttgart
60%
7 619.477 D Düsseldorf
54%
13 535.932 H Hanover
51%
19 331.885 B Bonn
43%
10 579.432 E Essen
43%
29 246.243 K Kiel
30%
18 334.002 B Bielefeld
29%
25 261.001 M Mönchengladbach
27%
27 249.070 A Aachen
24%
16 363.441 B Bochum
24%
15 495.152 D Duisburg
24%
20 317.713 M Münster
24%
23 296.478 A Augsburgo
22%
26 260.126 G Gelsenkirchen
22%
21 311.831 M Mannheim
22%
22 306.502 K Karlsruhe
17%
17 354.572 W Wuppertal
16%
24 278.950 W Wiesbaden
11%
30 243.105 C Chemnitz
10%
28 248.823 B Brunsvique
6%
Nenhum quiz correspondente encontrado
Distribuição das Pontuações
Porcentagem de Pessoas com Cada Pontuação
Percentil de Números Respondidos
Sua Pontuação Histórica
Você não jogou esse quiz